000 00673 a2200169 4500
003 Nust
005 20221207124053.0
040 _cNust
082 _a297.2,IQB
100 _aIqbal,Mohammad
_9104333
245 _aReconstruction of Religious Thought in Islam /
_cSir Mohammad Iqbal
260 _aLahore
_bShaikh Muhammad Ashraf
_c1960
300 _a205:p.'
505 _aKnowledge And Religion Experience (Page-1), The Philosophical Test Of The Revelations Of Religious Experience (Page-28), The Human Ego (Page-95), The Spirit Of Muslim Culture (Page-124), Is Religion Possible (Page-181).
650 _a Religious Thought in Islam
_9104334
942 _2ddc
_cBK
_k297.2,IQB
999 _c185430
_d185430